000 00784nam a22002657a 4500
001 BR9510129
003 BR-BrBNA
005 20230928094812.0
007 ta
008 230509b bl.||||| |||| 00| 0 por d
040 _aBR-BrBNA
_bpor
_cBiblioteca Nacional de Agricultura
041 _a(Por)
072 _aN20
_b0230
_b4545
090 _ 0230 BR9510129
100 1 _aFurlani Neto, V.L.
110 1 _aPrograma Nacional de Melhoramento da Cana-de-Acucar, Piracicaba, SP (Brasil)
245 1 _aMecanizacao agricola. 3. parte. Colheita da cana-de-acucar
260 3 _aPiracicaba, SP (Brasil):
_c[nd].
300 _a72 p.
500 _a45 ref.; 15 illus.
650 _aCana de Acucar
650 _aMecanizacao Agricola
909 _a202309
_bLucia
_c55
_dLucia Elande
942 _cBK
999 _c52718
_d52718